|
|
|
|
| LEADER |
00940nam a2200265 a 4500 |
| 001 |
39591 |
| 003 |
BD-DhAAL |
| 008 |
220927t1993 nyuab 001 0 eng d |
| 999 |
|
|
|c 44926
|d 44926
|
| 010 |
|
|
|a 92037303
|
| 020 |
|
|
|a 0393961109
|
| 040 |
|
|
|a DLC
|c DLC
|d DLC
|d BD-DhAAL
|
| 050 |
0 |
0 |
|a HB171.5
|b .S884 1993
|
| 082 |
0 |
0 |
|a 330
|2 23
|
| 100 |
1 |
|
|a Stiglitz, Joseph E.
|9 51679
|
| 245 |
1 |
0 |
|a Economics /
|c Joseph Stiglitz
|
| 250 |
|
|
|a First edition.
|
| 260 |
|
|
|a New York :
|b W.W. Norton,
|c c1993.
|
| 300 |
|
|
|a xli, 1142, A38 pages :
|b illustrations (some col.), color maps ;
|c 27 cm.
|
| 500 |
|
|
|a Includes index.
|
| 541 |
|
|
|a Donated By Akbar Ali Khan
|e 39591
|
| 650 |
|
0 |
|a Economics.
|9 51680
|
| 852 |
|
|
|a Ayesha Abed Library
|c Akbar Ali Khan Collection
|
| 942 |
|
|
|2 ddc
|c BK
|
| 952 |
|
|
|0 0
|1 0
|2 ddc
|4 0
|6 330_000000000000000_STI
|7 1
|9 71899
|a BRACUL
|b BRACUL
|c CS1
|d 2022-09-27
|e Donated by Akbar Ali Khan
|l 0
|o 330 STI
|p 3010039591
|r 2022-09-27
|t 1
|w 2022-09-27
|y BK
|